[Event "DEM U12w 2023"]
[Site "Willingen GER"]
[Date "2023.06.01"]
[Round "7"]
[White "Rössling, Laura Marie"]
[Black "John, Linnea"]
[Result "1/2-1/2"]
[Termination "normal"]
[Board "6"]
[WhiteElo "1312"]
[BlackElo "1396"]
[WhiteClock "00:34:15"]
[BlackClock "00:10:24"]
[PlyCount "88"]
[WhiteFideId "16289471"]
[BlackFideId "34623680"]
[EventCountry "GER"]
[EventRounds "9"]
[EventType "swiss"]
[EventDate "2023.05.27"]

1. e4 {[%clk 01:30:58]} {[%emt 00:00:01]} c5 {[%clk 01:30:52]} {[%emt
00:00:08]} 2. Nf3 {[%clk 01:31:21]} {[%emt 00:00:06]} Nc6 {[%clk 01:31:16]}
{[%emt 00:00:06]} 3. d4 {[%clk 01:31:43]} {[%emt 00:00:08]} cxd4 {[%clk
01:31:40]} {[%emt 00:00:07]} 4. Nxd4 {[%clk 01:32:07]} {[%emt 00:00:07]} g6
{[%clk 01:31:57]} {[%emt 00:00:13]} 5. Nc3 {[%clk 01:32:29]} {[%emt 00:00:08]}
Bg7 {[%clk 01:32:18]} {[%emt 00:00:08]} 6. Be3 {[%clk 01:31:54]} {[%emt
00:01:05]} Nf6 {[%clk 01:32:39]} {[%emt 00:00:09]} 7. Bc4 {[%clk 01:30:55]}
{[%emt 00:01:29]} Qa5 {[%clk 01:32:09]} {[%emt 00:01:01]} 8. O-O {[%clk
01:24:13]} {[%emt 00:07:12]} O-O {[%clk 01:31:23]} {[%emt 00:01:15]} 9. h3
{[%clk 01:23:26]} {[%emt 00:01:17]} d6 {[%clk 01:28:02]} {[%emt 00:03:51]} 10.
Re1 {[%clk 01:19:56]} {[%emt 00:03:51]} Bd7 {[%clk 01:25:47]} {[%emt 00:02:53]}
11. Bb3 {[%clk 01:07:07]} {[%emt 00:13:20]} Rac8 {[%clk 01:17:33]} {[%emt
00:08:43]} 12. a3 {[%clk 01:02:23]} {[%emt 00:05:15]} Ne5 {[%clk 01:06:43]}
{[%emt 00:11:20]} 13. Qd2 {[%clk 01:00:04]} {[%emt 00:02:48]} Rfe8 {[%clk
01:02:14]} {[%emt 00:05:00]} 14. Bh6 {[%clk 00:56:31]} {[%emt 00:04:02]} a6
{[%clk 00:55:09]} {[%emt 00:07:36]} 15. Bxg7 {[%clk 00:55:43]} {[%emt
00:01:17]} Kxg7 {[%clk 00:55:27]} {[%emt 00:00:13]} 16. Qg5 {[%clk 00:51:29]}
{[%emt 00:04:34]} Nc6 {[%clk 00:48:26]} {[%emt 00:07:40]} 17. Qxa5 {[%clk
00:49:55]} {[%emt 00:02:05]} Nxa5 {[%clk 00:48:50]} {[%emt 00:00:06]} 18. Ba2
{[%clk 00:49:31]} {[%emt 00:00:54]} Nc4 {[%clk 00:48:11]} {[%emt 00:01:09]} 19.
Bxc4 {[%clk 00:48:45]} {[%emt 00:01:16]} Rxc4 {[%clk 00:48:28]} {[%emt
00:00:12]} 20. Nf3 {[%clk 00:48:51]} {[%emt 00:00:23]} b5 {[%clk 00:42:16]}
{[%emt 00:06:43]} 21. e5 {[%emt 00:01:30]} dxe5 {[%clk 00:41:32]} {[%emt
00:01:12]} 22. Nxe5 {[%clk 00:47:49]} {[%emt 00:00:34]} Rd4 {[%clk 00:40:07]}
{[%emt 00:01:56]} 23. Nxd7 {[%clk 00:47:44]} {[%emt 00:00:34]} Rxd7 {[%clk
00:40:02]} {[%emt 00:00:35]} 24. Rad1 {[%clk 00:46:37]} {[%emt 00:01:35]} Red8
{[%clk 00:39:02]} {[%emt 00:01:32]} 25. Rxd7 {[%clk 00:45:35]} {[%emt
00:01:32]} Rxd7 {[%clk 00:39:29]} {[%emt 00:00:05]} 26. Re2 {[%clk 00:45:47]}
{[%emt 00:00:17]} e6 {[%clk 00:39:04]} {[%emt 00:00:55]} 27. Kf1 {[%clk
00:45:27]} {[%emt 00:00:45]} Nd5 {[%clk 00:36:51]} {[%emt 00:02:48]} 28. Nxd5
{[%clk 00:44:20]} {[%emt 00:01:36]} Rxd5 {[%clk 00:37:17]} {[%emt 00:00:04]}
29. Re4 {[%clk 00:42:12]} {[%emt 00:02:33]} Rd2 {[%clk 00:32:53]} {[%emt
00:05:00]} 30. Re2 {[%clk 00:42:28]} {[%emt 00:00:14]} Rd4 {[%clk 00:32:58]}
{[%emt 00:00:24]} 31. Ke1 {[%clk 00:42:17]} {[%emt 00:00:37]} Kf6 {[%clk
00:29:04]} {[%emt 00:04:28]} 32. c3 {[%clk 00:37:21]} {[%emt 00:05:27]} Rd5
{[%clk 00:27:18]} {[%emt 00:02:16]} 33. Rd2 {[%clk 00:37:11]} {[%emt 00:00:40]}
Ke5 {[%clk 00:26:36]} {[%emt 00:01:12]} 34. Rxd5+ {[%clk 00:36:06]} {[%emt
00:01:35]} Kxd5 {[%clk 00:26:38]} {[%emt 00:00:28]} 35. Kd2 {[%clk 00:36:19]}
{[%emt 00:00:16]} Kc4 {[%clk 00:23:56]} {[%emt 00:03:13]} 36. Kc2 {[%clk
00:36:29]} {[%emt 00:00:17]} e5 {[%clk 00:23:19]} {[%emt 00:01:09]} 37. b3+
{[%clk 00:36:47]} {[%emt 00:00:13]} Kc5 {[%clk 00:21:45]} {[%emt 00:02:04]} 38.
f3 {[%clk 00:35:03]} {[%emt 00:02:13]} f5 {[%clk 00:18:32]} {[%emt 00:03:43]}
39. Kd3 {[%clk 00:35:13]} {[%emt 00:00:20]} Kd5 {[%clk 00:17:36]} {[%emt
00:01:26]} 40. c4+ {[%clk 00:34:25]} {[%emt 00:01:19]} bxc4+ {[%clk 00:17:38]}
{[%emt 00:00:28]} 41. bxc4+ {[%clk 00:34:34]} {[%emt 00:00:20]} Kc5 {[%clk
00:17:59]} {[%emt 00:00:09]} 42. g4 {[%clk 00:34:04]} {[%emt 00:01:00]} fxg4
{[%clk 00:10:02]} {[%emt 00:08:27]} 43. fxg4 {[%clk 00:33:56]} {[%emt
00:00:39]} e4+ {[%clk 00:10:04]} {[%emt 00:00:28]} 44. Kxe4 {[%clk 00:34:15]}
{[%emt 00:00:10]} Kxc4 {[%clk 00:10:24]} 1/2-1/2

[Event "DEM U12w 2023"]
[Site "Willingen GER"]
[Date "2023.06.01"]
[Round "7"]
[White "Dhanasekaran Meenambigai, Diya"]
[Black "Kovalskyy, Alicia"]
[Result "1/2-1/2"]
[Termination "normal"]
[Board "7"]
[WhiteElo "1440"]
[BlackElo "1496"]
[WhiteClock "01:10:37"]
[BlackClock "00:52:31"]
[PlyCount "44"]
[WhiteFideId "34611924"]
[BlackFideId "34612130"]
[EventCountry "GER"]
[EventRounds "9"]
[EventType "swiss"]
[EventDate "2023.05.27"]

1. e4 {[%clk 01:30:56]} {[%emt 00:00:04]} e5 {[%clk 01:30:56]} {[%emt
00:00:04]} 2. Nf3 {[%clk 01:31:18]} {[%emt 00:00:08]} Nc6 {[%clk 01:31:22]}
{[%emt 00:00:05]} 3. Bc4 {[%clk 01:31:32]} {[%emt 00:00:15]} Bc5 {[%clk
01:31:47]} {[%emt 00:00:06]} 4. c3 {[%clk 01:31:46]} {[%emt 00:00:16]} Nf6
{[%clk 01:32:11]} {[%emt 00:00:06]} 5. d4 {[%clk 01:31:35]} {[%emt 00:00:40]}
exd4 {[%clk 01:32:35]} {[%emt 00:00:06]} 6. cxd4 {[%clk 01:31:54]} {[%emt
00:00:11]} Bb4+ {[%clk 01:33:00]} {[%emt 00:00:06]} 7. Nc3 {[%clk 01:32:06]}
{[%emt 00:00:17]} Nxe4 {[%clk 01:32:57]} {[%emt 00:00:34]} 8. O-O {[%clk
01:31:55]} {[%emt 00:00:41]} Nxc3 {[%clk 01:32:36]} {[%emt 00:00:50]} 9. bxc3
{[%clk 01:31:55]} {[%emt 00:00:30]} d5 {[%clk 01:32:26]} {[%emt 00:00:40]} 10.
cxb4 {[%clk 01:31:46]} {[%emt 00:00:40]} dxc4 {[%clk 01:32:41]} {[%emt
00:00:14]} 11. Re1+ {[%clk 01:31:55]} {[%emt 00:00:22]} Ne7 {[%clk 01:23:34]}
{[%emt 00:09:37]} 12. Qa4+ {[%clk 01:30:17]} {[%emt 00:02:07]} Bd7 {[%clk
01:20:37]} {[%emt 00:03:27]} 13. b5 {[%clk 01:29:57]} {[%emt 00:00:50]} O-O
{[%clk 01:19:15]} {[%emt 00:01:52]} 14. Bg5 {[%clk 01:25:37]} {[%emt 00:04:49]}
Re8 {[%clk 01:11:27]} {[%emt 00:08:19]} 15. Qxc4 {[%clk 01:21:52]} {[%emt
00:04:15]} Be6 {[%clk 01:08:54]} {[%emt 00:03:02]} 16. Rxe6 {[%clk 01:14:15]}
{[%emt 00:08:08]} fxe6 {[%clk 00:59:51]} {[%emt 00:09:32]} 17. Qxe6+ {[%clk
01:14:04]} {[%emt 00:00:42]} Kh8 {[%clk 00:56:31]} {[%emt 00:03:49]} 18. Ne5
{[%clk 01:11:07]} {[%emt 00:03:28]} Qd5 {[%clk 00:52:30]} {[%emt 00:04:32]} 19.
Nf7+ {[%clk 01:10:33]} {[%emt 00:01:02]} Kg8 {[%clk 00:52:23]} {[%emt
00:00:38]} 20. Nh6+ {[%clk 01:10:30]} {[%emt 00:00:33]} Kh8 {[%clk 00:51:48]}
{[%emt 00:01:06]} 21. Nf7+ {[%clk 01:10:14]} {[%emt 00:00:45]} Kg8 {[%clk
00:52:06]} {[%emt 00:00:12]} 22. Nh6+ {[%clk 01:10:37]} {[%emt 00:00:07]} Kh8
{[%clk 00:52:31]} {[%emt 00:00:06]} 1/2-1/2

[Event "DEM U12w 2023"]
[Site "Willingen GER"]
[Date "2023.06.01"]
[Round "7"]
[White "Wang, Enya Marie"]
[Black "Rafikova, Ailin"]
[Result "0-1"]
[Termination "normal"]
[Board "8"]
[WhiteElo "1156"]
[BlackElo "1238"]
[WhiteClock "00:47:02"]
[BlackClock "00:11:49"]
[PlyCount "92"]
[WhiteFideId "34660330"]
[BlackFideId "34612173"]
[EventCountry "GER"]
[EventRounds "9"]
[EventType "swiss"]
[EventDate "2023.05.27"]

1. e4 {[%clk 01:30:58]} {[%emt 00:00:01]} c6 {[%clk 01:30:43]} {[%emt
00:00:18]} 2. Nf3 {[%clk 01:31:19]} {[%emt 00:00:09]} d5 {[%clk 01:30:09]}
{[%emt 00:01:04]} 3. exd5 {[%clk 01:31:33]} {[%emt 00:00:16]} cxd5 {[%clk
01:29:21]} {[%emt 00:01:17]} 4. Ne5 {[%clk 01:31:31]} {[%emt 00:00:32]} Nc6
{[%clk 01:28:25]} {[%emt 00:01:25]} 5. Bb5 {[%clk 01:31:15]} {[%emt 00:00:47]}
Bd7 {[%clk 01:26:14]} {[%emt 00:02:40]} 6. Bxc6 {[%clk 01:31:11]} {[%emt
00:00:34]} bxc6 {[%clk 01:24:38]} {[%emt 00:02:07]} 7. d4 {[%clk 01:28:19]}
{[%emt 00:03:22]} e6 {[%clk 01:20:16]} {[%emt 00:04:52]} 8. O-O {[%clk
01:25:45]} {[%emt 00:03:05]} Ne7 {[%clk 01:10:41]} {[%emt 00:10:04]} 9. Nd2
{[%clk 01:20:47]} {[%emt 00:05:28]} Ng6 {[%clk 01:06:15]} {[%emt 00:04:56]} 10.
Ndf3 {[%clk 01:18:09]} {[%emt 00:03:08]} Bd6 {[%clk 01:01:43]} {[%emt
00:05:02]} 11. c3 {[%clk 01:14:38]} {[%emt 00:04:00]} c5 {[%clk 00:56:36]}
{[%emt 00:05:38]} 12. Be3 {[%clk 01:12:01]} {[%emt 00:03:07]} Rc8 {[%clk
00:48:35]} {[%emt 00:08:32]} 13. Qc2 {[%clk 01:07:38]} {[%emt 00:04:52]} O-O
{[%clk 00:41:00]} {[%emt 00:08:06]} 14. Rad1 {[%clk 01:04:24]} {[%emt
00:03:44]} Qc7 {[%clk 00:37:54]} {[%emt 00:03:36]} 15. Nxd7 {[%clk 01:00:26]}
{[%emt 00:04:27]} Qxd7 {[%clk 00:36:46]} {[%emt 00:01:38]} 16. b3 {[%clk
00:58:01]} {[%emt 00:02:55]} Qc7 {[%clk 00:34:53]} {[%emt 00:02:24]} 17. Rfe1
{[%clk 00:56:13]} {[%emt 00:02:17]} a5 {[%clk 00:32:19]} {[%emt 00:03:04]} 18.
a4 {[%clk 00:56:06]} {[%emt 00:00:37]} c4 {[%clk 00:29:23]} {[%emt 00:03:25]}
19. Rb1 {[%clk 00:54:59]} {[%emt 00:01:38]} Rb8 {[%clk 00:28:32]} {[%emt
00:01:21]} 20. bxc4 {[%clk 00:54:01]} {[%emt 00:01:27]} Qxc4 {[%clk 00:27:34]}
{[%emt 00:01:28]} 21. Nd2 {[%clk 00:51:47]} {[%emt 00:02:45]} Qc7 {[%clk
00:26:01]} {[%emt 00:02:02]} 22. c4 {[%clk 00:50:38]} {[%emt 00:01:40]} Bxh2+
{[%clk 00:21:21]} {[%emt 00:05:10]} 23. Kf1 {[%clk 00:47:25]} {[%emt 00:03:43]}
Bf4 {[%clk 00:18:56]} {[%emt 00:02:55]} 24. Bxf4 {[%clk 00:45:24]} {[%emt
00:02:31]} Nxf4 {[%clk 00:18:08]} {[%emt 00:01:18]} 25. g3 {[%clk 00:44:45]}
{[%emt 00:01:09]} Ng6 {[%clk 00:17:01]} {[%emt 00:01:36]} 26. Qd3 {[%clk
00:44:24]} {[%emt 00:00:52]} dxc4 {[%clk 00:13:29]} {[%emt 00:04:02]} 27. Nxc4
{[%clk 00:43:33]} {[%emt 00:01:21]} Rfc8 {[%clk 00:12:25]} {[%emt 00:01:34]}
28. Rec1 {[%clk 00:43:19]} {[%emt 00:00:44]} Rxb1 {[%clk 00:11:05]} {[%emt
00:01:51]} 29. Qxb1 {[%clk 00:43:11]} {[%emt 00:00:37]} Ne7 {[%clk 00:08:16]}
{[%emt 00:03:20]} 30. Ke2 {[%clk 00:40:54]} {[%emt 00:02:46]} Qc6 {[%clk
00:05:14]} {[%emt 00:03:31]} 31. Qa1 {[%clk 00:38:09]} {[%emt 00:03:16]} Qe4+
{[%clk 00:03:42]} {[%emt 00:02:02]} 32. Ne3 {[%clk 00:37:02]} {[%emt 00:01:37]}
Rd8 {[%clk 00:02:44]} {[%emt 00:01:29]} 33. Qa3 {[%clk 00:34:31]} {[%emt
00:02:59]} Nf5 {[%clk 00:02:12]} {[%emt 00:01:02]} 34. Rc4 {[%clk 00:33:11]}
{[%emt 00:01:51]} Nxd4+ {[%clk 00:01:14]} {[%emt 00:01:28]} 35. Ke1 {[%clk
00:31:41]} {[%emt 00:02:00]} Qh1+ {[%clk 00:00:58]} {[%emt 00:00:46]} 36. Nf1
{[%clk 00:31:45]} {[%emt 00:00:26]} Qe4+ {[%clk 00:00:44]} {[%emt 00:00:44]}
37. Ne3 {[%clk 00:31:29]} {[%emt 00:00:46]} Nf3+ {[%clk 00:00:47]} {[%emt
00:00:27]} 38. Ke2 {[%clk 00:29:52]} {[%emt 00:02:06]} Nd4+ {[%clk 00:00:47]}
{[%emt 00:00:31]} 39. Ke1 {[%clk 00:29:14]} {[%emt 00:01:36]} Qf3 {[%clk
00:00:43]} {[%emt 00:01:57]} 40. Qb2 {[%clk 00:27:19]} {[%emt 00:02:25]} Qf6
{[%clk 00:00:42]} {[%emt 00:00:32]} 41. Qb1 {[%clk 00:24:07]} {[%emt 00:03:41]}
Nf3+ {[%clk 00:21:49]} {[%emt 00:10:05]} 42. Kf1 {[%clk 00:52:36]} {[%emt
00:02:00]} Nd2+ {[%clk 00:20:03]} {[%emt 00:02:18]} 43. Kg2 {[%clk 00:48:34]}
{[%emt 00:04:32]} Qf3+ {[%clk 00:16:32]} {[%emt 00:04:00]} 44. Kh3 {[%clk
00:48:09]} {[%emt 00:00:54]} Nxb1 {[%clk 00:15:47]} {[%emt 00:01:17]} 45. Ng4
{[%clk 00:47:06]} {[%emt 00:01:32]} h5 {[%clk 00:12:51]} {[%emt 00:03:26]} 46.
Ne5 {[%clk 00:47:02]} {[%emt 00:00:35]} Qh1# {[%clk 00:11:49]} {[%emt
00:01:31]} 0-1

[Event "DEM U12w 2023"]
[Site "Willingen GER"]
[Date "2023.06.01"]
[Round "7"]
[White "Kuhn, Sanna"]
[Black "Färber, Anna"]
[Result "1-0"]
[Termination "normal"]
[Board "9"]
[WhiteElo "992"]
[BlackElo "1252"]
[WhiteClock "00:54:56"]
[BlackClock "00:25:11"]
[PlyCount "123"]
[WhiteFideId "34660313"]
[BlackFideId "34633480"]
[EventCountry "GER"]
[EventRounds "9"]
[EventType "swiss"]
[EventDate "2023.05.27"]

1. d4 {[%clk 01:30:59]} {[%emt 18:14:19]} d5 {[%clk 01:30:35]} {[%emt
00:00:25]} 2. c4 {[%clk 01:31:21]} {[%emt 00:00:08]} c6 {[%clk 01:30:54]}
{[%emt 00:00:11]} 3. Nc3 {[%clk 01:31:31]} {[%emt 00:00:21]} Nf6 {[%clk
01:30:31]} {[%emt 00:00:52]} 4. Bf4 {[%clk 01:31:32]} {[%emt 00:00:29]} g6
{[%clk 01:29:20]} {[%emt 00:01:40]} 5. e3 {[%clk 01:31:43]} {[%emt 00:00:20]}
Bg7 {[%clk 01:28:49]} {[%emt 00:01:01]} 6. Bd3 {[%clk 01:31:59]} {[%emt
00:00:14]} O-O {[%clk 01:28:22]} {[%emt 00:00:58]} 7. Nf3 {[%clk 01:32:07]}
{[%emt 00:00:21]} Qb6 {[%clk 01:24:56]} {[%emt 00:03:56]} 8. b3 {[%clk
01:26:26]} {[%emt 00:06:11]} Nbd7 {[%clk 01:19:47]} {[%emt 00:05:39]} 9. O-O
{[%clk 01:26:19]} {[%emt 00:00:38]} Rd8 {[%clk 01:14:11]} {[%emt 00:06:06]} 10.
h3 {[%clk 01:20:16]} {[%emt 00:06:32]} Nf8 {[%clk 01:08:03]} {[%emt 00:06:38]}
11. Qd2 {[%clk 01:16:31]} {[%emt 00:04:15]} Be6 {[%clk 01:06:30]} {[%emt
00:02:04]} 12. Na4 {[%clk 01:16:11]} {[%emt 00:00:49]} Qa6 {[%emt 00:01:45]}
13. c5 {[%clk 01:16:20]} {[%emt 00:00:19]} b5 {[%clk 01:05:26]} {[%emt
00:00:22]} 14. cxb6 {[%clk 01:15:55]} {[%emt 00:00:54]} Qc8 {[%clk 01:03:05]}
{[%emt 00:02:51]} 15. Qb4 {[%clk 01:14:56]} {[%emt 00:01:29]} Qb7 {[%clk
00:58:58]} {[%emt 00:04:38]} 16. Rac1 {[%clk 01:12:41]} {[%emt 00:02:44]} Rac8
{[%clk 00:54:02]} {[%emt 00:05:26]} 17. Qa5 {[%clk 01:09:31]} {[%emt 00:03:40]}
Ra8 {[%clk 00:48:58]} {[%emt 00:05:35]} 18. Nc5 {[%clk 01:08:16]} {[%emt
00:01:45]} Qxb6 {[%clk 00:46:35]} {[%emt 00:02:54]} 19. Qxb6 {[%clk 01:08:31]}
{[%emt 00:00:13]} axb6 {[%clk 00:47:01]} {[%emt 00:00:04]} 20. Nxe6 {[%clk
01:08:47]} {[%emt 00:00:14]} Nxe6 {[%clk 00:47:03]} {[%emt 00:00:29]} 21. Rxc6
{[%clk 01:07:00]} {[%emt 00:02:17]} Nxf4 {[%clk 00:42:56]} {[%emt 00:04:37]}
22. exf4 {[%clk 01:07:20]} {[%emt 00:00:09]} Rxa2 {[%clk 00:42:33]} {[%emt
00:00:54]} 23. Rxb6 {[%clk 01:05:43]} {[%emt 00:02:06]} Nh5 {[%clk 00:41:50]}
{[%emt 00:01:14]} 24. g3 {[%clk 01:05:08]} {[%emt 00:01:05]} Bxd4 {[%clk
00:41:12]} {[%emt 00:01:07]} 25. Nxd4 {[%clk 01:03:53]} {[%emt 00:01:45]} Rd2
{[%clk 00:41:19]} {[%emt 00:00:23]} 26. Nc6 {[%clk 01:01:53]} {[%emt 00:02:31]}
Re8 {[%clk 00:37:37]} {[%emt 00:04:13]} 27. Ba6 {[%clk 01:01:30]} {[%emt
00:00:51]} Nf6 {[%clk 00:36:02]} {[%emt 00:02:05]} 28. b4 {[%clk 00:59:12]}
{[%emt 00:02:49]} Rb2 {[%clk 00:34:47]} {[%emt 00:01:43]} 29. Bd3 {[%clk
00:57:36]} {[%emt 00:02:07]} Rb3 {[%clk 00:32:43]} {[%emt 00:02:35]} 30. Bc2
{[%clk 00:57:10]} {[%emt 00:00:52]} Rc3 {[%clk 00:31:28]} {[%emt 00:01:48]} 31.
Nd4 {[%clk 00:55:14]} {[%emt 00:02:26]} Rc4 {[%clk 00:30:31]} {[%emt 00:01:27]}
32. Rd1 {[%clk 00:54:52]} {[%emt 00:00:53]} Rec8 {[%clk 00:29:43]} {[%emt
00:01:18]} 33. b5 {[%clk 00:53:24]} {[%emt 00:01:58]} Rxc2 {[%clk 00:28:55]}
{[%emt 00:01:18]} 34. Nxc2 {[%clk 00:53:45]} {[%emt 00:00:08]} Rxc2 {[%clk
00:29:22]} {[%emt 00:00:03]} 35. Rb1 {[%clk 00:53:53]} {[%emt 00:00:22]} d4
{[%clk 00:28:23]} {[%emt 00:01:29]} 36. Rc6 {[%clk 00:54:11]} {[%emt 00:00:13]}
Re2 {[%clk 00:25:53]} {[%emt 00:03:00]} 37. b6 {[%clk 00:54:24]} {[%emt
00:00:17]} d3 {[%clk 00:24:21]} {[%emt 00:02:01]} 38. Kg2 {[%clk 00:52:13]}
{[%emt 00:02:41]} d2 {[%clk 00:21:14]} {[%emt 00:03:38]} 39. Rd1 {[%clk
00:52:31]} {[%emt 00:00:12]} Nd7 {[%clk 00:19:59]} {[%emt 00:01:44]} 40. b7
{[%clk 00:52:47]} {[%emt 00:00:15]} Kg7 {[%clk 00:20:14]} {[%emt 00:00:15]} 41.
Rc2 {[%clk 00:52:56]} {[%emt 00:00:20]} Kf8 {[%clk 00:19:17]} {[%emt 00:01:28]}
42. Rcxd2 {[%clk 00:53:16]} {[%emt 00:00:09]} Rxd2 {[%clk 00:19:30]} {[%emt
00:00:18]} 43. Rxd2 {[%clk 00:53:39]} {[%emt 00:00:07]} Ke8 {[%clk 00:19:53]}
{[%emt 00:00:07]} 44. Rxd7 {[%clk 00:54:01]} {[%emt 00:00:08]} Kxd7 {[%clk
00:20:19]} {[%emt 00:00:04]} 45. b8=Q {[%clk 00:54:24]} {[%emt 00:00:33]} h5
{[%clk 00:20:43]} {[%emt 00:00:39]} 46. Qf8 {[%clk 00:53:50]} {[%emt 00:01:04]}
Ke6 {[%clk 00:21:05]} {[%emt 00:00:09]} 47. g4 {[%clk 00:54:01]} {[%emt
00:00:18]} hxg4 {[%clk 00:21:12]} {[%emt 00:00:23]} 48. hxg4 {[%clk 00:54:22]}
{[%emt 00:00:09]} Kf6 {[%clk 00:21:22]} {[%emt 00:00:19]} 49. f3 {[%clk
00:54:14]} {[%emt 00:00:39]} Ke6 {[%clk 00:21:34]} {[%emt 00:00:19]} 50. f5+
{[%clk 00:54:11]} {[%emt 00:00:33]} gxf5 {[%clk 00:21:52]} {[%emt 00:00:12]}
51. gxf5+ {[%clk 00:54:28]} {[%emt 00:00:12]} Kf6 {[%clk 00:22:15]} {[%emt
00:00:07]} 52. Kg3 {[%clk 00:54:05]} {[%emt 00:00:53]} e6 {[%clk 00:22:31]}
{[%emt 00:00:14]} 53. fxe6 {[%clk 00:54:28]} {[%emt 00:00:07]} Kxe6 {[%clk
00:22:58]} {[%emt 00:00:04]} 54. f4 {[%clk 00:54:34]} {[%emt 00:00:24]} Kf6
{[%clk 00:23:22]} {[%emt 00:00:06]} 55. Qd8+ {[%clk 00:54:38]} {[%emt
00:00:25]} Ke6 {[%clk 00:23:32]} {[%emt 00:00:20]} 56. Kg4 {[%clk 00:54:48]}
{[%emt 00:00:20]} f5+ {[%clk 00:23:16]} {[%emt 00:00:47]} 57. Kg5 {[%clk
00:54:50]} {[%emt 00:00:28]} Kf7 {[%clk 00:23:41]} {[%emt 00:00:05]} 58. Kxf5
{[%clk 00:55:07]} {[%emt 00:00:13]} Kg7 {[%clk 00:24:08]} {[%emt 00:00:03]} 59.
Qf6+ {[%clk 00:55:16]} {[%emt 00:00:20]} Kh7 {[%clk 00:24:29]} {[%emt
00:00:09]} 60. Qg5 {[%clk 00:55:10]} {[%emt 00:00:36]} Kh8 {[%clk 00:24:47]}
{[%emt 00:00:12]} 61. Kf6 {[%clk 00:54:56]} {[%emt 00:00:44]} Kh7 {[%clk
00:25:11]} {[%emt 00:00:07]} 62. Qg7+ {[%emt 00:00:06]} 1-0

[Event "DEM U12w 2023"]
[Site "Willingen GER"]
[Date "2023.06.01"]
[Round "7"]
[White "Weyerer, Elea"]
[Black "Baihaghi, Aryana"]
[Result "0-1"]
[Termination "normal"]
[Board "10"]
[WhiteElo "1408"]
[BlackElo "1334"]
[WhiteClock "00:15:04"]
[BlackClock "00:44:03"]
[PlyCount "70"]
[WhiteFideId "34605770"]
[BlackFideId "34604960"]
[EventCountry "GER"]
[EventRounds "9"]
[EventType "swiss"]
[EventDate "2023.05.27"]

1. d4 {[%clk 01:30:58]} {[%emt 00:00:02]} d5 {[%clk 01:30:54]} {[%emt
00:00:06]} 2. Bf4 {[%clk 01:31:19]} {[%emt 00:00:09]} Nf6 {[%clk 01:31:15]}
{[%emt 00:00:10]} 3. e3 {[%clk 01:31:34]} {[%emt 00:00:15]} c5 {[%clk
01:31:24]} {[%emt 00:00:20]} 4. dxc5 {[%clk 01:31:23]} {[%emt 00:00:41]} Qa5+
{[%clk 01:31:44]} {[%emt 00:00:10]} 5. Qd2 {[%clk 01:30:42]} {[%emt 00:01:10]}
Qxc5 {[%clk 01:32:06]} {[%emt 00:00:09]} 6. Nc3 {[%clk 01:30:15]} {[%emt
00:00:58]} a6 {[%clk 01:22:13]} {[%emt 00:10:24]} 7. O-O-O {[%clk 01:28:08]}
{[%emt 00:02:35]} Bf5 {[%clk 01:20:33]} {[%emt 00:02:09]} 8. Bd3 {[%clk
01:24:08]} {[%emt 00:04:31]} Bxd3 {[%clk 01:13:28]} {[%emt 00:07:35]} 9. Qxd3
{[%clk 01:23:55]} {[%emt 00:00:43]} e6 {[%clk 01:13:08]} {[%emt 00:00:49]} 10.
f3 {[%clk 01:18:13]} {[%emt 00:06:13]} Nc6 {[%clk 01:11:38]} {[%emt 00:02:00]}
11. Nge2 {[%clk 01:09:19]} {[%emt 00:09:25]} Rc8 {[%clk 01:08:56]} {[%emt
00:03:11]} 12. e4 {[%clk 01:06:24]} {[%emt 00:03:26]} Nb4 {[%clk 01:05:28]}
{[%emt 00:03:56]} 13. Qd2 {[%clk 01:01:52]} {[%emt 00:05:03]} Be7 {[%clk
00:57:01]} {[%emt 00:08:57]} 14. Be3 {[%clk 00:54:33]} {[%emt 00:07:50]} Qc7
{[%clk 00:56:16]} {[%emt 00:01:08]} 15. a3 {[%clk 00:50:56]} {[%emt 00:04:14]}
Nc6 {[%clk 00:54:10]} {[%emt 00:02:27]} 16. exd5 {[%clk 00:49:31]} {[%emt
00:02:04]} exd5 {[%clk 00:52:47]} {[%emt 00:01:52]} 17. Nxd5 {[%clk 00:48:05]}
{[%emt 00:01:57]} Nxd5 {[%clk 00:50:59]} {[%emt 00:02:18]} 18. Qxd5 {[%clk
00:47:11]} {[%emt 00:01:23]} Nb4 {[%clk 00:49:27]} {[%emt 00:02:03]} 19. Qd2
{[%clk 00:38:36]} {[%emt 00:08:49]} Qxc2+ {[%clk 00:48:57]} {[%emt 00:01:15]}
20. Qxc2 {[%clk 00:38:48]} {[%emt 00:00:18]} Rxc2+ {[%clk 00:49:17]} {[%emt
00:00:09]} 21. Kb1 {[%clk 00:38:41]} {[%emt 00:00:37]} Rxe2 {[%clk 00:49:31]}
{[%emt 00:00:17]} 22. Rc1 {[%clk 00:35:47]} {[%emt 00:03:24]} Nc6 {[%clk
00:49:03]} {[%emt 00:00:58]} 23. Bb6 {[%clk 00:32:08]} {[%emt 00:04:09]} Rxg2
{[%clk 00:48:17]} {[%emt 00:01:16]} 24. Rcd1 {[%clk 00:31:14]} {[%emt
00:01:19]} O-O {[%clk 00:48:37]} {[%emt 00:00:16]} 25. Be3 {[%clk 00:28:22]}
{[%emt 00:03:19]} Bf6 {[%clk 00:48:45]} {[%emt 00:00:24]} 26. b4 {[%clk
00:27:09]} {[%emt 00:01:43]} Re8 {[%clk 00:48:56]} {[%emt 00:00:17]} 27. Rhe1
{[%clk 00:24:44]} {[%emt 00:02:58]} h6 {[%clk 00:47:47]} {[%emt 00:01:38]} 28.
Rg1 {[%clk 00:23:44]} {[%emt 00:01:30]} Rb2+ {[%clk 00:47:56]} {[%emt
00:00:22]} 29. Kc1 {[%clk 00:23:45]} {[%emt 00:00:27]} Rxe3 {[%clk 00:47:58]}
{[%emt 00:00:29]} 30. Rd6 {[%clk 00:22:38]} {[%emt 00:01:37]} Re6 {[%clk
00:47:53]} {[%emt 00:00:34]} 31. Rd3 {[%clk 00:20:37]} {[%emt 00:02:31]} Rxh2
{[%clk 00:48:05]} {[%emt 00:00:18]} 32. Rd7 {[%clk 00:19:41]} {[%emt 00:01:26]}
Nd4 {[%clk 00:47:36]} {[%emt 00:00:57]} 33. Rf1 {[%clk 00:18:31]} {[%emt
00:01:42]} Ne2+ {[%clk 00:44:33]} {[%emt 00:03:33]} 34. Kd1 {[%clk 00:18:27]}
{[%emt 00:00:35]} Bg5 {[%clk 00:43:44]} {[%emt 00:01:18]} 35. Rd5 {[%clk
00:15:04]} {[%emt 00:03:54]} Nc3# {[%clk 00:44:03]} {[%emt 00:00:12]} 0-1